000 00719nam a2200253Ia 4500
003 OSt
005 20221006160820.0
006 a|||||r|||| 00| 0
007 ta
008 221006b |||||||| |||| 00| 0 eng d
020 _a9781138855236
_cRs.215
024 _a46,460
037 _cTextual
040 _aEASL
_cEASL
_beng
041 _2eng
_aeng
082 _aP41:2.N9, Q7
100 _aFUYI Xing
_9675148
245 0 _aModern Chinese grammar
_b A clause-Pivot approach
260 _aLondon
_bRoutledge Taylor & Francis Group
_c2017
300 _a639p.
_ccm.
490 _aRoutledge studies in Chinese linguistics
942 _hP41:2.N9, Q7
_cTEXL
_2CC
999 _c1114550
_d1114550